Empire and nation
Enregistré dans:
| Auteurs principaux: | , |
|---|---|
| Format: | Livre |
| Langue: | anglais |
| Publié: |
Englewood Cliffs
Prentice-Hall
1962
|
| Sujets: | |
| Tags: |
Ajouter un tag
Pas de tags, Soyez le premier à ajouter un tag!
|
MARC
| LEADER | 00000nam a2200000 a 4500 | ||
|---|---|---|---|
| 001 | UCT6388 | ||
| 003 | CL-VaPUC | ||
| 008 | 970106e19620000us |||||||||||||||||eng|d | ||
| 082 | 0 | 4 | |a 321 |b DIC |2 21 |
| 100 | 0 | |a Dickinson, John |e author |9 376540 | |
| 700 | 0 | |a Lee, Richard Henry |e author |9 376541 | |
| 245 | 1 | 0 | |a Empire and nation |
| 300 | |a 173 p | ||
| 942 | |c BK | ||
| 945 | |d 19970106 00:00:00 |a lriquelm | ||
| 260 | |a Englewood Cliffs |b Prentice-Hall |c 1962 | ||
| 650 | 7 | |a SISTEMAS POLITICOS |2 CL-VaPUC |9 376542 | |
| 650 | 0 | |a Doctrinas políticas |9 255835 | |
| 650 | 7 | |a IMPERIOS |2 CL-VaPUC |9 376543 | |
| 650 | 7 | |a GOBIERNOS |2 CL-VaPUC |9 376544 | |
| 650 | 0 | |a Correspondencia |9 258963 | |
| 651 | 0 | |a Estados Unidos |9 255178 | |
| 583 | |a last modification |c 20150428 12:31:13 |k Rodrigo Vera | ||
| 999 | |c 255099 |d 255097 | ||
| 952 | |0 0 |1 0 |4 0 |6 321_000000000000000_DIC_1962 |7 0 |8 A |9 277189 |a BIBDER |b BIBDER |d 2019-11-19 |i 1802135 |o 321 DIC 1962 |p 1802135 |r 2023-01-25 |w 2019-11-19 |y BK |k DER | ||